| 000 | 00690nam a22001937a 4500 | ||
|---|---|---|---|
| 001 | BD-DhSAU 10636 | ||
| 003 | BD-DhSAU | ||
| 005 | 20150703111152.0 | ||
| 008 | 150703b1989 ii ||||r|||| 000 0 ben d | ||
| 040 | _aBD-DhSAU | ||
| 082 |
_222 _a--- _bলাহিক |
||
| 100 | _aলাহিড়ী, কার্তিক | ||
| 245 |
_aকলকাতার গ্রাম্যতা ও অন্যান্য / _cকার্তিক লাহিড়ী |
||
| 260 |
_aকলকাতা : _bঅরুণা প্রকাশনী, _c১৯৮৯. |
||
| 300 |
_a১৪১ পৃ. : _c২১ সেমি |
||
| 590 | _ajoy | ||
| 650 | _aউপন্যাস | ||
| 942 |
_2ddc _cBOOK |
||
| 999 |
_c10636 _d10635 |
||